[Event "Saratov Regional-ch"]
[Site "Saratov"]
[Date "2015.12.13"]
[Round "9"]
[White "Bryakin, Mikhail"]
[Black "Biryukov, Dmitriy"]
[Result "1/2-1/2"]
[WhiteElo "2309"]
[BlackElo "2342"]
[PlyCount "82"]
[EventDate "2015.12.05"]
[EventType "swiss"]
[EventRounds "9"]
[EventCountry "RUS"]
[SourceTitle "EXT 2017"]
[Source "ChessBase"]
[SourceDate "2016.10.25"]
[SourceVersion "1"]
[SourceVersionDate "2016.10.25"]
[SourceQuality "1"]

1. c4 d6 2. Nc3 g6 3. g3 Bg7 4. Bg2 e5 5. e4 c5 6. Nge2 Nc6 7. 0-0 Nge7 8. d3 0-0 9. Be3 f5 10. Qd2 fxe4 11. dxe4 Nd4 12. f4 Bg4 13. h3 Be6 14. Nd5 Nxe2+ 15. Qxe2 Nc6 16. Rad1 Nd4 17. Bxd4 cxd4 18. Qd3 Bxd5 19. exd5 exf4 20. gxf4 b6 21. b3 Qh4 22. f5 Qg5 23. fxg6 Qxg6 24. Qxg6 hxg6 25. Be4 Kh7 26. Kg2 Rxf1 27. Rxf1 Rf8 28. Rxf8 Bxf8 29. Kf3 a5 30. Bd3 Bh6 31. Ke4 Be3 32. Be2 Kg7 33. Bg4 Kf6 34. a3 Bc1 35. Kxd4 Bxa3 36. Ke4 Bc5 37. Bd7 Bb4 38. Be8 Bc5 39. h4 Bf2 40. h5 gxh5 41. Bxh5 Bc5 1/2-1/2

[Event "Saratov Regional-ch"]
[Site "Saratov"]
[Date "2015.12.07"]
[Round "3"]
[White "Dmitriev, Igor"]
[Black "Biryukov, Dmitriy"]
[Result "1/2-1/2"]
[WhiteElo "2237"]
[BlackElo "2342"]
[PlyCount "64"]
[EventDate "2015.12.05"]
[EventType "swiss"]
[EventRounds "9"]
[EventCountry "RUS"]
[SourceTitle "EXT 2017"]
[Source "ChessBase"]
[SourceDate "2016.10.25"]
[SourceVersion "1"]
[SourceVersionDate "2016.10.25"]
[SourceQuality "1"]

1. d4 d6 2. Nc3 g6 3. g3 Bg7 4. Bg2 Nf6 5. f4 0-0 6. Nf3 d5 7. Ne5 b6 8. 0-0 Bb7 9. e3 Nbd7 10. a4 c5 11. b3 Rc8 12. Bb2 a6 13. Qe2 e6 14. g4 Ne8 15. Nd1 Nd6 16. Nf2 f5 17. h3 cxd4 18. exd4 Nf6 19. c4 Nde4 20. Qe3 Nxf2 21. Rxf2 Ne4 22. Bxe4 fxe4 23. Ba3 Bxe5 24. fxe5 Rxf2 25. Qxf2 dxc4 26. Rf1 Qd7 27. bxc4 e3 28. Qxe3 Qc6 29. d5 Qxc4 30. Qf2 Qxd5 31. Qf7+ Kh8 32. Qf6+ Kg8 1/2-1/2

[Event "Saratov Regional-ch"]
[Site "Saratov"]
[Date "2014.12.13"]
[Round "8"]
[White "Biryukov, Dmitriy"]
[Black "Sanzhaev, Darsen"]
[Result "1/2-1/2"]
[WhiteElo "2278"]
[BlackElo "2344"]
[PlyCount "54"]
[EventDate "2014.12.06"]
[EventType "swiss"]
[EventRounds "9"]
[EventCountry "RUS"]
[SourceTitle "CBM 164 Extra"]
[Source "ChessBase"]
[SourceDate "2015.03.02"]
[SourceVersion "1"]
[SourceVersionDate "2015.03.02"]
[SourceQuality "1"]

1. e4 c5 2. Nf3 e6 3. d4 cxd4 4. Nxd4 Nc6 5. Nc3 Qc7 6. Be3 a6 7. f4 Nxd4 8. Qxd4 b5 9. 0-0-0 Bb7 10. Rd2 Rc8 11. Bxb5 axb5 12. Nxb5 Qd8 13. Qa7 Bc6 14. Bb6 Bxb5 15. Bxd8 Rxd8 16. Rhd1 Nf6 17. Qb6 Bc4 18. Rd4 Be2 19. R1d2 Bh5 20. c4 Bg6 21. e5 Ne4 22. Rxd7 Rxd7 23. Qb8+ Ke7 24. Rxd7+ Kxd7 25. Qb7+ Ke8 26. Qc8+ Ke7 27. Qc7+ Ke8 1/2-1/2

[Event "Saratov Regional-ch"]
[Site "Saratov"]
[Date "2014.12.08"]
[Round "3"]
[White "Protopopova, Anastasiya"]
[Black "Biryukov, Dmitriy"]
[Result "0-1"]
[WhiteElo "2075"]
[BlackElo "2278"]
[PlyCount "62"]
[EventDate "2014.12.06"]
[EventType "swiss"]
[EventRounds "9"]
[EventCountry "RUS"]
[SourceTitle "CBM 164 Extra"]
[Source "ChessBase"]
[SourceDate "2015.03.02"]
[SourceVersion "1"]
[SourceVersionDate "2015.03.02"]
[SourceQuality "1"]

1. Nf3 d6 2. d4 g6 3. c4 Bg7 4. Nc3 Nf6 5. e4 0-0 6. Be2 e5 7. 0-0 Na6 8. Re1 exd4 9. Nxd4 Nc5 10. f3 c6 11. Be3 Ne6 12. Qd2 Nxd4 13. Bxd4 Be6 14. Rad1 Qc7 15. Be3 Rfd8 16. Bf4 Ne8 17. Bg3 Qa5 18. f4 Bxc4 19. Bxc4 Qc5+ 20. Qe3 Qxc4 21. e5 d5 22. Bh4 Rd7 23. Rd4 Qc5 24. f5 gxf5 25. Bf6 Nxf6 26. exf6 Re7 27. Ne4 fxe4 28. Rf1 Re6 29. b4 Qd6 30. fxg7 Rg6 31. Qf2 Rxg7 0-1

[Event "Saratov Regional-ch"]
[Site "Saratov"]
[Date "2014.12.07"]
[Round "2"]
[White "Biryukov, Dmitriy"]
[Black "Sudnik, Pavel"]
[Result "1-0"]
[WhiteElo "2278"]
[BlackElo "2032"]
[PlyCount "55"]
[EventDate "2014.12.06"]
[EventType "swiss"]
[EventRounds "9"]
[EventCountry "RUS"]
[SourceTitle "CBM 164 Extra"]
[Source "ChessBase"]
[SourceDate "2015.03.02"]
[SourceVersion "1"]
[SourceVersionDate "2015.03.02"]
[SourceQuality "1"]

1. e4 c5 2. Nf3 Nc6 3. d4 cxd4 4. Nxd4 e5 5. Nb5 a6 6. Nd6+ Bxd6 7. Qxd6 Qe7 8. Qd1 Nf6 9. Nc3 h6 10. Be3 b5 11. f3 Bb7 12. Qd2 0-0 13. 0-0-0 Rfd8 14. Qd6 Qe6 15. Qc7 Rab8 16. Nd5 d6 17. Nxf6+ gxf6 18. Qb6 Qxa2 19. Bxh6 Nd4 20. Rxd4 exd4 21. Qxd4 Qe6 22. Bd3 d5 23. exd5 Rxd5 24. Qf4 Rc8 25. Qg3+ Rg5 26. Bxg5 fxg5 27. Qxg5+ Kf8 28. Bf5 1-0

[Event "Saratov Shestoperov Memorial"]
[Site "Saratov"]
[Date "2014.06.20"]
[Round "5"]
[White "Biryukov, Dmitriy"]
[Black "Palin, Denis"]
[Result "1/2-1/2"]
[WhiteElo "2275"]
[BlackElo "2116"]
[PlyCount "66"]
[EventDate "2014.06.16"]
[EventType "swiss"]
[EventRounds "9"]
[EventCountry "RUS"]
[SourceTitle "CBM 161 Extra"]
[Source "ChessBase"]
[SourceDate "2014.08.29"]
[SourceVersion "1"]
[SourceVersionDate "2014.08.29"]
[SourceQuality "1"]

1. e4 e6 2. d4 d5 3. Nc3 dxe4 4. Nxe4 Nd7 5. Nf3 Ngf6 6. Nxf6+ Nxf6 7. Bd3 c5 8. Be3 Qb6 9. 0-0 Be7 10. dxc5 Bxc5 11. Bxc5 Qxc5 12. Qe2 0-0 13. Qe5 Qxe5 14. Nxe5 Nd7 15. Nxd7 Bxd7 16. Rfd1 Bc6 17. f4 Rfd8 18. Be2 Kf8 19. Kf2 Ke7 20. g3 Kf6 21. Bf3 Bxf3 22. Kxf3 e5 23. c4 exf4 24. Kxf4 Rac8 25. b3 Ke6 26. Re1+ Kf6 27. Rad1 Rxd1 28. Rxd1 Ke7 29. Rd5 Rc6 30. Ke4 Rh6 31. Rd2 Re6+ 32. Kf4 Rf6+ 33. Ke4 Re6+ 1/2-1/2

[Event "Saratov Regional-ch"]
[Site "Saratov"]
[Date "2013.06.02"]
[Round "3"]
[White "Biryukov, Dmitriy"]
[Black "Karpenko, Artem"]
[Result "1-0"]
[WhiteElo "2272"]
[BlackElo "2043"]
[PlyCount "75"]
[EventDate "2013.06.01"]
[EventType "swiss"]
[EventRounds "9"]
[EventCountry "RUS"]
[SourceTitle "EXT 2014"]
[Source "ChessBase"]
[SourceDate "2013.11.20"]
[SourceVersion "1"]
[SourceVersionDate "2013.11.20"]
[SourceQuality "1"]

1. e4 e6 2. d4 d5 3. Nc3 Nf6 4. e5 Nfd7 5. f4 c5 6. Nf3 Nc6 7. Be3 cxd4 8. Nxd4 Bc5 9. Qd2 a6 10. 0-0-0 0-0 11. h4 Nxd4 12. Bxd4 b5 13. h5 b4 14. Ne2 a5 15. Qe3 Qc7 16. Bxc5 Nxc5 17. Nd4 Ba6 18. f5 Rfc8 19. Bxa6 Rxa6 20. Nb5 Qc6 21. Nd6 Rc7 22. Rd2 a4 23. Kb1 exf5 24. Nxf5 Ne4 25. Qxe4 b3 26. Qxd5 bxc2+ 27. Kc1 h6 28. Qxc6 Raxc6 29. Nd4 Rc5 30. Rxc2 Rxc2+ 31. Nxc2 Rc4 32. Kd2 Rg4 33. Ne3 Re4 34. Kd3 Rxe5 35. Rh4 Kh7 36. Rxa4 Rxh5 37. g4 Rg5 38. b4 1-0

[Event "Saratov Shestoperov Memorial"]
[Site "Saratov"]
[Date "2012.08.30"]
[Round "6"]
[White "Astashin, Alexander"]
[Black "Biryukov, Dmitriy"]
[Result "0-1"]
[WhiteElo "2147"]
[BlackElo "2325"]
[PlyCount "169"]
[EventDate "2012.08.25"]
[EventType "swiss"]
[EventRounds "9"]
[EventCountry "RUS"]
[SourceTitle "CBM 150 Extra"]
[Source "ChessBase"]
[SourceDate "2012.10.19"]
[SourceVersion "1"]
[SourceVersionDate "2012.10.19"]
[SourceQuality "1"]

1. Nf3 d6 2. e4 g6 3. d4 Bg7 4. Be2 Nf6 5. Nc3 0-0 6. Bg5 h6 7. Bh4 g5 8. Bg3 Nh5 9. Qd3 Nc6 10. Nxg5 Nxg3 11. hxg3 e5 12. Nf3 exd4 13. Nb5 Ne5 14. Qa3 Nxf3+ 15. gxf3 a6 16. c3 c5 17. cxd4 Be6 18. Nc3 cxd4 19. Nd5 Bxd5 20. exd5 Re8 21. f4 Qb6 22. Kf1 Rac8 23. Bd3 Rc5 24. b4 Rxd5 25. Rc1 Rb5 26. Qa4 Ra8 27. Bxb5 Qxb5+ 28. Qxb5 axb5 29. Rh5 Rxa2 30. Rxb5 d3 31. Rd5 d2 32. Rd1 Bc3 33. b5 Bb4 34. Ke2 Rb2 35. Kd3 Bc5 36. Rxd2 Rxb5 37. Ke4 Rb1 38. Kf5 Kg7 39. Re2 b5 40. f3 b4 41. g4 b3 42. Rd3 b2 43. Ke4 Kf6 44. Kd5 Ba3 45. Rdd2 Rf1 46. Rxb2 Bxb2 47. Rxb2 Rxf3 48. Ke4 Rg3 49. Rb6 Ke6 50. f5+ Ke7 51. Kf4 Rg1 52. Rb8 Rf1+ 53. Ke4 Kf6 54. Rh8 Kg7 55. Rd8 Re1+ 56. Kf3 Rd1 57. Ke4 Kf6 58. Rh8 d5+ 59. Kf4 Kg7 60. Rd8 d4 61. Ke4 Kf6 62. Rh8 Kg7 63. Rd8 d3 64. Rxd3 Rxd3 65. Kxd3 Kf6 66. Ke4 Kg5 67. Kf3 Kh4 68. Kf4 f6 69. Kf3 Kh3 70. Kf4 Kg2 71. g5 hxg5+ 72. Kg4 Kf2 73. Kh5 Kf3 74. Kg6 g4 75. Kxf6 g3 76. Ke7 g2 77. f6 g1Q 78. f7 Qg7 79. Ke8 Qe5+ 80. Kf8 Kg4 81. Kg8 Qg5+ 82. Kh7 Qf5+ 83. Kg7 Qd7 84. Kh8 Qe7 85. Kg8 0-1

[Event "Saratov Summer Cup SSEU 3st stage"]
[Site "Saratov"]
[Date "2012.07.30"]
[Round "5.2"]
[White "Chekmareva, Liya"]
[Black "Biryukov, Dmitriy"]
[Result "1/2-1/2"]
[WhiteElo "1762"]
[BlackElo "2325"]
[PlyCount "81"]
[EventDate "2012.07.23"]
[EventType "swiss"]
[EventRounds "7"]
[EventCountry "RUS"]
[SourceTitle "EXT 2022"]
[Source "ChessBase"]
[SourceDate "2021.10.06"]
[SourceVersion "1"]
[SourceVersionDate "2021.10.06"]
[SourceQuality "1"]

1. e4 d6 2. d4 g6 3. Nc3 Bg7 4. f4 Nf6 5. Nf3 0-0 6. Bd3 Na6 7. 0-0 c5 8. d5 Bg4 9. h3 Bxf3 10. Qxf3 Nb4 11. a3 Nxd3 12. Qxd3 Rc8 13. Kh2 c4 14. Qf3 a6 15. Be3 b5 16. Bd4 Ng4+ 17. Qxg4 Bxd4 18. Qg3 Qb6 19. Rab1 b4 20. axb4 Qxb4 21. Nd1 c3 22. b3 Qc5 23. Nf2 Bxf2 24. Qxf2 Qxf2 25. Rxf2 Rc5 26. Ra1 a5 27. Kg3 Rb8 28. Ra4 Kg7 29. Rf1 f5 30. Kf3 Kf7 31. Rd1 Kf6 32. g4 Rbb5 33. Rad4 h6 34. Ke3 Rb8 35. Kf3 Rbb5 36. Ke3 Rb8 37. Kf3 Rbb5 38. Ke3 Rb8 39. Kf3 Rbb5 40. Ke3 Rb8 41. Kf3 1/2-1/2

[Event "Saratov Region-ch"]
[Site "Saratov"]
[Date "2012.06.03"]
[Round "6"]
[White "Biryukov, Dmitriy"]
[Black "Korchmar, Vasiliy"]
[Result "1-0"]
[WhiteElo "2307"]
[BlackElo "2260"]
[PlyCount "111"]
[EventDate "2012.05.29"]
[EventType "swiss"]
[EventRounds "9"]
[EventCountry "RUS"]
[SourceTitle "CBM 148 Extra"]
[Source "ChessBase"]
[SourceDate "2012.06.22"]
[SourceVersion "1"]
[SourceVersionDate "2012.06.22"]
[SourceQuality "1"]

1. e4 e5 2. Nf3 Nc6 3. Bb5 a6 4. Ba4 Nf6 5. 0-0 Be7 6. Re1 b5 7. Bb3 d6 8. c3 0-0 9. h3 Nb8 10. d4 Nbd7 11. c4 Bb7 12. Nc3 c6 13. a3 h6 14. Be3 Re8 15. Ba2 Rb8 16. dxe5 Nxe5 17. Nxe5 dxe5 18. c5 Qxd1 19. Rexd1 Rbd8 20. b4 Rxd1+ 21. Rxd1 Rd8 22. Rxd8+ Bxd8 23. Kf1 Bc8 24. Ke2 Kf8 25. f4 Bc7 26. f5 Bd8 27. g4 Ne8 28. Nd1 Nc7 29. Bd2 Bd7 30. Bc3 f6 31. Nf2 Be8 32. Nd3 g5 33. Kf3 Bd7 34. Kg3 Ne8 35. Bb3 Bc7 36. h4 Ng7 37. hxg5 hxg5 38. Ne1 Ke7 39. Nf3 Kf8 40. Kf2 Be8 41. Bd2 Bf7 42. Bxf7 Kxf7 43. Bxg5 fxg5 44. Nxg5+ Kf6 45. Nf3 Kf7 46. Kg3 Kf6 47. g5+ Kf7 48. Kg4 Bb8 49. f6 Ne6 50. Kf5 Nd4+ 51. Nxd4 exd4 52. g6+ Kf8 53. Ke6 Be5 54. g7+ Kg8 55. f7+ Kxg7 56. Ke7 1-0

[Event "Saratov Region-ch"]
[Site "Saratov"]
[Date "2012.06.01"]
[Round "4"]
[White "Khromkin, Andrey"]
[Black "Biryukov, Dmitriy"]
[Result "1/2-1/2"]
[WhiteElo "2345"]
[BlackElo "2307"]
[PlyCount "70"]
[EventDate "2012.05.29"]
[EventType "swiss"]
[EventRounds "9"]
[EventCountry "RUS"]
[SourceTitle "CBM 148 Extra"]
[Source "ChessBase"]
[SourceDate "2012.06.22"]
[SourceVersion "1"]
[SourceVersionDate "2012.06.22"]
[SourceQuality "1"]

1. d4 d6 2. Nf3 g6 3. c4 Bg7 4. Nc3 Nf6 5. g3 0-0 6. Bg2 Nc6 7. 0-0 e5 8. h3 exd4 9. Nxd4 Nxd4 10. Qxd4 Nd7 11. Qd2 Nc5 12. b3 a5 13. Bb2 Re8 14. Nd5 Bf5 15. Bxg7 Kxg7 16. a3 f6 17. Qb2 Be4 18. b4 Bxg2 19. Kxg2 axb4 20. axb4 Rxa1 21. Rxa1 Nd7 22. Ra7 c6 23. Ne3 Qb6 24. Qa3 Re7 25. Ra8 Rf7 26. h4 Qd4 27. Rd8 Ne5 28. Qa8 Nxc4 29. Rg8+ Kh6 30. Nxc4 Qxc4 31. Qe8 f5 32. f3 Rf6 33. Rxg6+ Rxg6 34. Qf8+ Rg7 35. Qf6+ Rg6 1/2-1/2

[Event "Moscow op U26"]
[Site "Moscow"]
[Date "2012.02.02"]
[Round "6"]
[White "Biryukov, Dmitriy"]
[Black "Kharitonov, Alexandr"]
[Result "0-1"]
[WhiteElo "2332"]
[BlackElo "2540"]
[PlyCount "60"]
[EventDate "2012.01.28"]
[EventType "swiss"]
[EventRounds "9"]
[EventCountry "RUS"]
[SourceTitle "EXT 2013"]
[Source "ChessBase"]
[SourceDate "2012.11.22"]
[SourceVersion "1"]
[SourceVersionDate "2012.11.22"]
[SourceQuality "1"]

1. e4 c6 2. d4 d5 3. e5 Bf5 4. Nf3 e6 5. Be2 Nd7 6. 0-0 Bg6 7. c4 dxc4 8. Bxc4 Ne7 9. Nc3 Nb6 10. Bb3 Nf5 11. h3 Qd7 12. g4 Ne7 13. Qe2 Ned5 14. Ne4 Be7 15. Bg5 h5 16. Nc5 Qc7 17. a4 a5 18. Qd2 hxg4 19. hxg4 Bxc5 20. dxc5 Be4 21. Nh4 Nd7 22. f3 Nxc5 23. Bc4 Qxe5 24. fxe4 Nxe4 25. Nf3 Qd6 26. Qc2 Qc5+ 27. Rf2 Nxf2 28. Qxf2 Rh1+ 29. Kg2 Qxf2+ 30. Kxf2 Rxa1 0-1

[Event "Moscow op U26"]
[Site "Moscow"]
[Date "2012.01.30"]
[Round "3"]
[White "Papin, Vasily"]
[Black "Biryukov, Dmitriy"]
[Result "1-0"]
[WhiteElo "2570"]
[BlackElo "2332"]
[PlyCount "67"]
[EventDate "2012.01.28"]
[EventType "swiss"]
[EventRounds "9"]
[EventCountry "RUS"]
[SourceTitle "EXT 2013"]
[Source "ChessBase"]
[SourceDate "2012.11.22"]
[SourceVersion "1"]
[SourceVersionDate "2012.11.22"]
[SourceQuality "1"]

1. d4 d6 2. Nf3 g6 3. c4 Bg7 4. Nc3 Nf6 5. g3 0-0 6. Bg2 Nc6 7. 0-0 e5 8. d5 Ne7 9. c5 Bf5 10. cxd6 cxd6 11. Nh4 Bd7 12. a4 Ne8 13. Qb3 b6 14. Nf3 Nc7 15. Nd2 Na6 16. Qa3 Qc7 17. b4 e4 18. Bb2 e3 19. fxe3 Nf5 20. Nce4 Nxe3 21. Bxg7 Nxf1 22. Bxf8 Nxd2 23. Bxd6 Qc4 24. Rc1 Qb3 25. Nf6+ Kh8 26. b5 Nc5 27. Bxc5 bxc5 28. Qxb3 Nxb3 29. Rb1 c4 30. Nxd7 Rc8 31. b6 axb6 32. Nxb6 Nd2 33. Nxc8 Nxb1 34. d6 1-0

[Event "Saratov Winter Cup school"]
[Site "Saratov"]
[Date "2011.12.28"]
[Round "4.3"]
[White "Biryukov, Dmitriy"]
[Black "Efimov, Ivan"]
[Result "0-1"]
[WhiteElo "2332"]
[BlackElo "2119"]
[PlyCount "86"]
[EventDate "2011.12.26"]
[EventType "swiss"]
[EventRounds "9"]
[EventCountry "RUS"]
[SourceTitle "EXT 2022"]
[Source "ChessBase"]
[SourceDate "2021.10.06"]
[SourceVersion "1"]
[SourceVersionDate "2021.10.06"]
[SourceQuality "1"]

1. e4 e5 2. Nf3 Nc6 3. Bb5 Nge7 4. 0-0 g6 5. c3 Bg7 6. d4 exd4 7. cxd4 a6 8. Ba4 b5 9. Bc2 0-0 10. d5 Na5 11. Nc3 d6 12. a4 b4 13. Ne2 c5 14. dxc6 Nexc6 15. Rb1 Bg4 16. h3 Bxf3 17. gxf3 Qf6 18. Kg2 Ne5 19. Nf4 Qg5+ 20. Kh2 Rac8 21. Ne6 Nxf3+ 22. Qxf3 Qe5+ 23. Bf4 fxe6 24. Bxe5 Bxe5+ 25. Kg2 Rxf3 26. Kxf3 Rxc2 27. Rfc1 b3 28. Ke3 Nc4+ 29. Kd3 Nxb2+ 30. Ke3 Nc4+ 31. Kd3 Rxc1 32. Rxc1 b2 33. Rb1 Na3 34. Rxb2 Bxb2 35. f4 Bc1 36. f5 exf5 37. exf5 gxf5 38. h4 Kf7 39. h5 Ke6 40. h6 Ke5 41. a5 f4 42. Ke2 Ke4 43. Kf2 f3 0-1